Normal view
MARC view
- Dogar, Rafiq
Entry Personal Name
001 - CONTROL NUMBER
- control field: 110452
003 - CONTROL NUMBER IDENTIFIER
- control field: NUST
005 - DATE AND TIME OF LATEST TRANSACTION
- control field: 20230316141344.0
008 - FIXED-LENGTH DATA ELEMENTS
- fixed length control field: 230316|| aca||aabn | a|a d
040 ## - CATALOGING SOURCE
- Original cataloging agency: NUST
- Transcribing agency: NUST
100 ## - HEADING--PERSONAL NAME
- Personal name: Dogar, Rafiq
670 ## - SOURCE DATA FOUND
- Source citation: Work cat.: (NUST)187804: Dogar, Rafiq, Operation Siachin /
